| 000 | 01362nam a2200289 i 4500 | ||
|---|---|---|---|
| 001 | 154212 | ||
| 003 | ES-MaACL | ||
| 005 | 20240112175621.0 | ||
| 008 | 210816s1990 sp a 001 0dspa d | ||
| 020 | _a84-7664-248-2 | ||
| 080 | _a75 Gnoli, Domenico (064.3) | ||
| 100 | 1 |
_aGnoli, Domenico ( _d1933-1970) _9173267 |
|
| 245 | 1 | 0 |
_aDomenico Gnoli : _búltimas obras, 1963-1969 : exposición organizada por la Fundación Caja de Pensiones, bajo los auspicios del Ministerio de Exteriores de Italia, dentro del marco del Festival de la Cooperación Cultural Italo-Española, 1990-91 : 16 de enero-4 de marzo de 1990, Sala de Exposiciones de la Fundación Caja de Pensiones / _c[comisaria, María de Corral]. |
| 250 | _a1ª ed. | ||
| 260 |
_aMadrid : _bFundación Caja de Pensiones, _c1990. |
||
| 300 |
_a151 p. : _bil. col. y n. ; _c30 cm. |
||
| 504 | _aBibliografía: p.145-147. | ||
| 546 | _aTexto en español e inglés. | ||
| 600 | 1 | 4 |
_aGnoli, Domenico ( _d1933-1970)- _vExposiciones. _9173268 |
| 655 | 7 |
_2tgfbne _9193628 _aCatálogos de exposiciones |
|
| 700 | 1 |
_aCorral, María de. _940719 |
|
| 710 | 2 |
_aFundació "la Caixa" _9173255 |
|
| 710 | 1 |
_aItalia. _bMinistero degli Affari Esteri. _95315 |
|
| 852 | 4 |
_aES-MaACL _jA-14717 _9159851 _bR.1551945 _cDEPO1 _dOlim: N-7717 _hDonación: Editorial |
|
| 942 |
_2udc _cMONOGRAFIA |
||
| 999 |
_c154212 _d154212 |
||